| 000 | 00952nam a2200265 a 4500 | ||
|---|---|---|---|
| 001 | 000003415 | ||
| 005 | 20200929150433.0 | ||
| 008 | 840106s1984 cl 001 f spa | ||
| 040 |
_aDO-SdBNP _bspa _cBNPHU |
||
| 082 |
_a813.3 _bP743n, 1984 |
||
| 100 | 1 |
_aPoe, Edgar Allan, _d1809-1849. _99903 |
|
| 245 | 1 | 0 |
_aNarraciones extraordinarias / _cEdgar Allan Poe. |
| 250 | _aEd. especial. | ||
| 260 |
_aSantiago, Chile : _bErcilla, _c1984. |
||
| 300 |
_a173 p. : _bil. ; _c18 cm. |
||
| 490 | 1 |
_aLos mejores libros de la literatura universal _v16 |
|
| 490 | 1 | _aBiblioteca Ercilla | |
| 590 | _aPerteneció a la biblioteca personal de Juan Isidro Jimenes Grullón | ||
| 590 | _aInventariado, 2018/ YL | ||
| 650 | 4 |
_aCuentos estadounidense _910646 |
|
| 650 | 4 |
_aLiteratura estadounidense _9263 |
|
| 830 | 4 |
_aLos mejores libros de la literatura universal _v16 _910647 |
|
| 830 | 0 |
_aBiblioteca Ercilla _910648 |
|
| 910 | _aValidado. Control de calidad MMOLINA | ||
| 999 |
_c3245 _d3245 |
||